| 000 | 01232nam a2200313 a 4500 | ||
|---|---|---|---|
| 001 | 014610611 | ||
| 003 | Uk | ||
| 005 | 20130228135909.0 | ||
| 008 | 080109s2008 enka b 001 0 eng | ||
| 010 | _a 2008001028 | ||
| 020 | _a9780273714736 (alk. paper) : | ||
| 020 | _a0273714732 (alk. paper) : | ||
| 082 | 0 | 0 |
_a657.96 _222 _bROB |
| 100 | 1 |
_aRoberts, Clare B. _932765 |
|
| 245 | 1 | 0 |
_aInternational Corporate Reporting : _ba Comparative Approach / _cClare Roberts, Pauline Weetman, Paul Gordon. |
| 250 | _a4th ed. | ||
| 260 |
_aHarlow ; _aNew York : _bPrentice Hall/Financial Times, _c2008. |
||
| 300 |
_axxi, 676 p. : _bill. ; _c25 cm. |
||
| 500 | _aRev. ed. of: International financial reporting / Clare Roberts, Pauline Weetman, Paul Gordon. 3rd ed. 2005. | ||
| 504 | _aIncludes bibliographical references and index. | ||
| 650 | 0 |
_aInternational business enterprises _xFinance. _932766 |
|
| 650 | 0 |
_aAccounting _xStandards _xInternational cooperation. _932767 |
|
| 653 |
_bBus _cFebruary2013 |
||
| 690 | 7 |
_aManagement and Business Studies _2blcoll |
|
| 700 | 1 |
_aWeetman, Pauline. _932768 |
|
| 700 | 1 |
_aGordon, Paul D. _932769 |
|
| 700 | 1 |
_aRoberts, Clare B. _tInternational financial reporting. _932770 |
|
| 942 |
_2ddc _cBB |
||
| 999 |
_c17338 _d17310 |
||